000 00297nam a22001337a 4500
008 181022b xxu||||| |||| 00| 0 eng d
020 _a9780965931571
041 _aeng
080 _a070
100 _a30
101 _aMED
245 _aDown And Diry Pictures
_cBiskind.p
942 _2udc
_cBK
999 _c50462
_d50462